000 00525nam a2200181Ia 4500
003 GCL
008 140319s9999 xx 000 0 eng d
040 _aGCL /
_cGCL
082 0 4 _a895.6
_bI M
100 1 _aIKENAMI, SHOTARO
245 1 0 _aMASTER ASSASSIN: TALES OF MURDER FROM THE SHOGUN'S CITY /
_cIKENAMI, SHOTARO
700 1 _aKOROSHI NO YONIN
260 _a[S.N] :
_bKODANSHA INTERNATIONAL ،
_c1991
300 _a184\P
650 0 4 _aJAPAN - LITERATURE
650 0 4 _aTRANSLATION OF: KOROSHI NO YON
942 _2ddc
_cBK
999 _c20206
_d20206